Phân lập và định danh một số dòng vi khuẩn Lactic chịu nhiệt từ thực phẩm lên men truyền thống : Luận văn thạc sĩ khoa học chuyên ngành công nghệ sinh học

Tìm được dòng vi khuẩn lactic có khả năng phát triển ở nhiệt độ cao và sinh bacteriocin từ một số thực phẩm lên men góp phần vào quá trình lên men nhiệt độ cao ở quy mô công nghiệp

সংরক্ষণ করুন:
গ্রন্থ-পঞ্জীর বিবরন
প্রধান লেখক: Bằng, Hồng Lam
বিন্যাস: গ্রন্থ
ভাষা:Undetermined
প্রকাশিত: Cần Thơ Trường Đại học Cần Thơ 2011
বিষয়গুলি:
ট্যাগগুলো: ট্যাগ যুক্ত করুন
কোনো ট্যাগ নেই, প্রথমজন হিসাবে ট্যাগ করুন!
Thư viện lưu trữ: Trung tâm Học liệu Trường Đại học Cần Thơ
LEADER 01170nam a2200229Ia 4500
001 CTU_171087
008 210402s9999 xx 000 0 und d
082 |a 660.63 
082 |b L104 
088 |a 60420201 
100 |a Bằng, Hồng Lam 
245 0 |a Phân lập và định danh một số dòng vi khuẩn Lactic chịu nhiệt từ thực phẩm lên men truyền thống : 
245 0 |b Luận văn thạc sĩ khoa học chuyên ngành công nghệ sinh học 
245 0 |c Bằng Hồng Lam ; Nguyễn Văn Bá ( hướng dẫn khoa học) 
260 |a Cần Thơ 
260 |b Trường Đại học Cần Thơ 
260 |c 2011 
520 |a Tìm được dòng vi khuẩn lactic có khả năng phát triển ở nhiệt độ cao và sinh bacteriocin từ một số thực phẩm lên men góp phần vào quá trình lên men nhiệt độ cao ở quy mô công nghiệp 
650 |a Enzymes,Enzim 
650 |x Biotechnology,Công nghệ sinh học 
904 |i Mai, Hải 
980 |a Trung tâm Học liệu Trường Đại học Cần Thơ